| Поле | Инд. | ПП | Название | Значение |
|---|---|---|---|---|
| Тип записи | a | |||
| Библиографический уровень | m | |||
| 001 | Контрольный номер | e66da743b5cf41adb0c9e5446a5498e0 | ||
| 005 | Дата корректировки | 20241202152437.6 | ||
| 020 | a | ISBN | 978-5-7995-1375-7 | |
| 040 | b | Код языка каталог. | rus | |
| e | Правила каталог. | PSBO | ||
| 041 | 0_ | a | Код языка текста | rus |
| 080 | a | Индекс УДК | 547(075.8) | |
| 090 | x | Авторский знак | Л 14 | |
| a | Полочн. индекс | 547 | ||
| 097 | b | Оператор | *Ви* | |
| 100 | 1_ | a | Автор | Лагусева Е.И. |
| 245 | 10 | a | Заглавие | Лабораторный практикум по органическому синтезу |
| b | Продолж. заглавия | учебное пособие | ||
| c | Ответственность | Тверской государственный технический университет | ||
| 250 | a | Основные сведения об издании | 2-е изд., доп. и перераб. | |
| 260 | a | Место издания | Тверь | |
| b | Издательство | ТвГТУ | ||
| c | Дата издания | 2024 | ||
| 300 | a | Объем | 116 с. | |
| 515 | a | Прим. об особенностях нумерации | № 5108 | |
| 516 | 8_ | a | Прим. о типе комп. файла/ данных | Текст : электронный |
| 520 | 0_ | a | Аннотация | Содержит описания выполнения синтезов различных органических соединений. Синтезы классифицированы по методам органической химии. Подробное и последовательное изложение методик проведения синтезов органических соединений позволяет студентам уменьшить затраты времени на самостоятельную подготовку к лабораторным занятиям. Разработано в соответствии с требованиями Федерального государственного образовательного стандарта высшего образования. Предназначено для студентов направлений подготовки 04.04.01 Химия, профиль «Аналитическая химия»; 18.03.01 Химическая технология; 04.03.01 Химия; 18.03.02 Энерго- и ресурсосберегающие процессы в химической технологии, нефтехимии и биотехнологии; 19.03.01 Биотехнология. |
| 535 | 1_ | a | Хранилище | Сервер |
| 653 | 0_ | a | Ключевые слова | Органический синтез |
| a | Ключевые слова | Синтезы органических соединений | ||
| a | Ключевые слова | Галогенирование | ||
| a | Ключевые слова | Нитрование | ||
| a | Ключевые слова | Сульфирование | ||
| a | Ключевые слова | Ацилирование | ||
| a | Ключевые слова | Окисление | ||
| a | Ключевые слова | Щелочное плавление | ||
| 655 | a | Жанр/ форма (устаревшее) | М | |
| 700 | 12 | a | Другие авторы | Пичугина А.И. |
| 700 | 12 | a | Другие авторы | Соловьева В.С. |
| 900 | a | Имя макрообъекта | 001-000164085-000000000-0000-0000-01 | |
| 901 | t | Тип документа | m | |
| 905 | b | Дата создания записи обработка | 02.12.24 | |
| 922 | c | Кафедра | Химия и технология полимеров | |
| 952 | g | 1 | ||
| a | Тип литературы для КСУ ВШ | *М2* | ||
| 952 | e | Факультет | *ХТФ* | |
| 990 | h | N записи в КСУ для Б/У (DOS) | 44/2024э | |
| 990 | f | Даты поступлений (DOS) | 29.11.24 | |
| g | Размещение заказа (DOS) | РИЦ | ||
| c | Приоритет заказа (DOS) | *д* |